[Event "Begonia op 50th"]
[Site "Ballarat"]
[Date "2016.03.13"]
[Round "4"]
[White "Izzat, Kanan Azar"]
[Black "West, Guy"]
[Result "1-0"]
[WhiteElo "2491"]
[BlackElo "2317"]
[PlyCount "75"]
[EventDate "2016.03.12"]
[EventType "swiss"]
[EventRounds "7"]
[EventCountry "AUS"]
[SourceTitle "CBM 171 Extra"]
[Source "ChessBase"]
[SourceDate "2016.04.26"]
[SourceVersion "1"]
[SourceVersionDate "2016.04.26"]
[SourceQuality "1"]

1. Nf3 c5 2. g3 b6 3. Bg2 Bb7 4. b3 Nf6 5. Bb2 e6 6. c4 Be7 7. 0-0 0-0 8. Nc3 d6 9. d4 cxd4 10. Qxd4 a6 11. Rac1 Qc7 12. Rfd1 Rd8 13. e4 Nbd7 14. Qe3 Rac8 15. Nd4 Bf8 16. h3 Qb8 17. Kh2 g6 18. Rc2 Bg7 19. Rcd2 Ba8 20. Nc2 Ne5 21. Qe2 g5 22. Kg1 h6 23. Nb4 Nc6 24. Nxc6 Bxc6 25. e5 Ne8 26. Bxc6 Rxc6 27. Ne4 b5 28. cxb5 Qxb5 29. Qf3 d5 30. Nf6+ Bxf6 31. exf6 Nd6 32. h4 Ne4 33. Qh5 Qb4 34. Rd4 Qf8 35. hxg5 Nxg5 36. Rg4 Rc2 37. Rxg5+ hxg5 38. Qxg5+ 1-0

[Event "Melbourne Australasian IM"]
[Site "Melbourne"]
[Date "2012.12.14"]
[Round "7"]
[White "Dragicevic, Domagoj"]
[Black "West, Guy"]
[Result "1/2-1/2"]
[WhiteElo "2249"]
[BlackElo "2333"]
[PlyCount "37"]
[EventDate "2012.12.08"]
[EventType "tourn"]
[EventRounds "9"]
[EventCountry "AUS"]
[EventCategory "2"]
[SourceTitle "EXT 2023"]
[Source "ChessBase"]
[SourceDate "2022.10.05"]
[SourceVersion "1"]
[SourceVersionDate "2022.10.05"]
[SourceQuality "1"]

1. e4 Nc6 2. Nc3 e5 3. Nf3 Nf6 4. d4 exd4 5. Nxd4 Bb4 6. Nxc6 bxc6 7. Bd3 d5 8. exd5 cxd5 9. 0-0 0-0 10. Bg5 c6 11. Qf3 h6 12. Bxf6 Qxf6 13. Qxf6 gxf6 14. Ne2 Bd6 15. Rad1 Be5 16. b3 a5 17. Ng3 a4 18. Nf5 Bxf5 19. Bxf5 1/2-1/2

[Event "Melbourne CC op"]
[Site "Melbourne"]
[Date "2012.10.01"]
[Round "4"]
[White "Fry, Peter"]
[Black "West, Guy"]
[Result "0-1"]
[WhiteElo "1878"]
[BlackElo "2335"]
[PlyCount "48"]
[EventDate "2012.09.10"]
[EventType "swiss"]
[EventRounds "9"]
[EventCountry "AUS"]
[SourceTitle "EXT 2013"]
[Source "ChessBase"]
[SourceDate "2012.11.22"]
[SourceVersion "1"]
[SourceVersionDate "2012.11.22"]
[SourceQuality "1"]

1. b3 e5 2. Bb2 d6 3. e3 Nf6 4. c4 g6 5. Nf3 Bg7 6. Nc3 0-0 7. Be2 e4 8. Nd4 c5 9. Nc2 Nc6 10. 0-0 Ne5 11. Ne1 Bf5 12. Rb1 d5 13. cxd5 Nxd5 14. Nxd5 Qxd5 15. d4 exd3 16. Bxe5 Bxe5 17. Bf3 Qd6 18. Bxb7 d2 19. Nf3 Bxb1 20. Bxa8 Bd3 21. Nxe5 Bxf1 22. Kxf1 Rxa8 23. Nf3 Qa6+ 24. Kg1 Qxa2 0-1

[Event "Melbourne CC op"]
[Site "Melbourne"]
[Date "2012.09.24"]
[Round "3"]
[White "West, Guy"]
[Black "Dale, Ari"]
[Result "0-1"]
[WhiteElo "2335"]
[BlackElo "2184"]
[PlyCount "88"]
[EventDate "2012.09.10"]
[EventType "swiss"]
[EventRounds "9"]
[EventCountry "AUS"]
[SourceTitle "EXT 2013"]
[Source "ChessBase"]
[SourceDate "2012.11.22"]
[SourceVersion "1"]
[SourceVersionDate "2012.11.22"]
[SourceQuality "1"]

1. d4 Nf6 2. Nf3 g6 3. Nc3 d5 4. Bf4 Bg7 5. e3 0-0 6. Be2 c5 7. Ne5 Qa5 8. 0-0 Bf5 9. Qd2 Nc6 10. a3 Rac8 11. b4 cxb4 12. axb4 Qb6 13. Rfb1 Nxe5 14. Bxe5 Ne4 15. Nxe4 Bxe4 16. Bd3 Bxe5 17. dxe5 Bxd3 18. cxd3 d4 19. Rc1 a6 20. Rab1 Rfd8 21. e4 Qb5 22. f4 e6 23. h4 Rc3 24. Rxc3 dxc3 25. Qxc3 Rxd3 26. Qc5 Qd7 27. Kh2 Qd8 28. Qf2 Rd2 29. Qg3 Rd3 30. Qf2 h5 31. f5 Qd4 32. Qf4 exf5 33. Re1 Qxb4 34. e6 fxe6 35. Qh6 Qxe1 36. Qxg6+ Kf8 37. Qf6+ Ke8 38. Qxe6+ Kd8 39. Qb6+ Kc8 40. Qc5+ Kd7 41. Qxf5+ Kc6 42. Qe6+ Rd6 43. Qc4+ Kb6 44. Qb4+ Qxb4 0-1

[Event "Melbourne Victorian-ch"]
[Site "Melbourne"]
[Date "2012.06.14"]
[Round "9"]
[White "Goldenberg, Igor"]
[Black "West, Guy"]
[Result "1/2-1/2"]
[WhiteElo "2385"]
[BlackElo "2328"]
[PlyCount "86"]
[EventDate "2012.05.01"]
[EventType "tourn"]
[EventRounds "11"]
[EventCountry "AUS"]
[SourceTitle "EXT 2014"]
[Source "ChessBase"]
[SourceDate "2013.11.20"]
[SourceVersion "1"]
[SourceVersionDate "2013.11.20"]
[SourceQuality "1"]

1. d4 Nf6 2. Nf3 g6 3. c4 Bg7 4. Nc3 0-0 5. e4 d6 6. Be2 Nbd7 7. 0-0 e5 8. Re1 c6 9. Bf1 Re8 10. d5 c5 11. Rb1 h6 12. a3 Re7 13. b4 Ne8 14. Bd3 Ndf6 15. Qc2 b6 16. Bd2 Bg4 17. Nh4 Nh5 18. f3 Bc8 19. g3 Kh7 20. Ng2 Nhf6 21. Rb2 Bh3 22. bxc5 dxc5 23. a4 a5 24. Ne3 Nd6 25. Reb1 Nc8 26. g4 h5 27. Qd1 hxg4 28. fxg4 Qd7 29. Be2 Kg8 30. g5 Ne8 31. Qe1 Qd8 32. Qh4 Bd7 33. Rf1 Ned6 34. Rbb1 Re8 35. Rf2 Kf8 36. Rbf1 Ke7 37. Qg3 Rh8 38. Rf6 Bxf6 39. Rxf6 Qf8 40. Qxe5+ Kd8 41. Qf4 Rh7 42. Qf2 Qe7 43. Qg2 Bh3 1/2-1/2

[Event "Melbourne Victorian-ch"]
[Site "Melbourne"]
[Date "2012.06.05"]
[Round "8"]
[White "West, Guy"]
[Black "Hacche, David"]
[Result "1-0"]
[WhiteElo "2328"]
[BlackElo "2067"]
[PlyCount "99"]
[EventDate "2012.05.01"]
[EventType "tourn"]
[EventRounds "11"]
[EventCountry "AUS"]
[SourceTitle "EXT 2014"]
[Source "ChessBase"]
[SourceDate "2013.11.20"]
[SourceVersion "1"]
[SourceVersionDate "2013.11.20"]
[SourceQuality "1"]

1. e4 g6 2. d4 Bg7 3. Nf3 d6 4. h3 b6 5. Bd3 Bb7 6. 0-0 Nd7 7. Re1 e6 8. c3 Ne7 9. Nbd2 0-0 10. Nf1 c5 11. Be3 Nf6 12. Ng3 cxd4 13. cxd4 Qd7 14. Qd2 Rfd8 15. Bh6 Bh8 16. Rad1 Rac8 17. Bb1 Qb5 18. Re3 Bg7 19. Rb3 Qe8 20. Ra3 a6 21. Rb3 b5 22. Bxg7 Kxg7 23. Qf4 Rc4 24. Rbd3 d5 25. e5 Ne4 26. Ng5 Nf5 27. b3 Nfxg3 28. Rxg3 Nxg3 29. Qf6+ Kg8 30. bxc4 Ne2+ 31. Kf1 Nc3 32. Nxf7 Qxf7 33. Qxd8+ Kg7 34. Re1 Nxb1 35. Rxb1 dxc4 36. a4 Be4 37. Re1 Bd3+ 38. Kg1 c3 39. Qa5 bxa4 40. Qxc3 Bb5 41. Re3 Qd7 42. Qc5 Bc6 43. Rc3 Bd5 44. Qb6 Qb5 45. Rc7+ Kh6 46. Qa7 Kg5 47. Rxh7 Kf5 48. Rh4 Qb1+ 49. Kh2 Bb7 50. Qc5 1-0

[Event "Melbourne Victorian-ch"]
[Site "Melbourne"]
[Date "2012.05.31"]
[Round "7"]
[White "Cheng, Bobby Sky"]
[Black "West, Guy"]
[Result "1/2-1/2"]
[WhiteElo "2352"]
[BlackElo "2328"]
[PlyCount "160"]
[EventDate "2012.05.01"]
[EventType "tourn"]
[EventRounds "11"]
[EventCountry "AUS"]
[SourceTitle "EXT 2014"]
[Source "ChessBase"]
[SourceDate "2013.11.20"]
[SourceVersion "1"]
[SourceVersionDate "2013.11.20"]
[SourceQuality "1"]

1. d4 d5 2. c4 e5 3. dxe5 d4 4. Nf3 Nc6 5. g3 Nge7 6. Bg2 Ng6 7. 0-0 Ngxe5 8. Nxe5 Nxe5 9. b3 Be7 10. Bb2 c5 11. e3 Bf6 12. exd4 cxd4 13. Nd2 Bg4 14. Qb1 Qd7 15. f4 Nc6 16. Qe4+ Kd8 17. Qd5 Be2 18. Rf2 d3 19. Bxf6+ gxf6 20. Qxd7+ Kxd7 21. Bd5 a5 22. Rb1 Nb4 23. Bxb7 Ra7 24. Bf3 Re8 25. Bxe2 dxe2 26. Re1 Nd3 27. Rexe2 Nxf2 28. Kxf2 Rxe2+ 29. Kxe2 Kc6 30. a3 Re7+ 31. Kd3 Re1 32. b4 Ra1 33. b5+ Kb6 34. Kd4 Rxa3 35. Ne4 Ra1 36. Nc3 a4 37. c5+ Ka7 38. Kc4 Rc1 39. Kb4 a3 40. c6 Ra1 41. Kb3 Kb8 42. b6 a2 43. Nxa2 Rb1+ 44. Kc4 Rxb6 45. Nb4 Kc8 46. Kc5 Rb8 47. f5 Ra8 48. Nd5 Ra2 49. Nxf6 Rxh2 50. Kd6 h5 51. Nd5 Rd2 52. Ke5 Rd3 53. Kd6 f6 54. c7 Kb7 55. Ke6 Rxg3 56. Nxf6 h4 57. Ne4 Rg8 58. f6 h3 59. f7 Rh8 60. Kd7 h2 61. Nd6+ Ka6 62. Ne8 h1Q 63. c8Q+ Ka5 64. Qc5+ Ka4 65. f8Q Rxf8 66. Qxf8 Qh3+ 67. Kd8 Qh4+ 68. Nf6 Qd4+ 69. Ke8 Qe5+ 70. Kf7 Qc7+ 71. Kg6 Qg3+ 72. Kh6 Qf4+ 73. Kg7 Qg3+ 74. Kh8 Qh4+ 75. Kg8 Qg3+ 76. Kf7 Qc7+ 77. Ke6 Qc6+ 78. Ke5 Qc3+ 79. Ke4 Qb4+ 80. Qxb4+ Kxb4 1/2-1/2

[Event "Begonia op 46th"]
[Site "Ballarat"]
[Date "2012.03.12"]
[Round "7"]
[White "West, Guy"]
[Black "Yu, Derek"]
[Result "1-0"]
[WhiteElo "2317"]
[BlackElo "2001"]
[PlyCount "160"]
[EventDate "2012.03.10"]
[EventType "swiss"]
[EventRounds "7"]
[EventCountry "AUS"]
[SourceTitle "EXT 2019"]
[Source "ChessBase"]
[SourceDate "2018.10.10"]
[SourceVersion "1"]
[SourceVersionDate "2018.10.10"]
[SourceQuality "1"]

1. e4 e5 2. Bc4 Nf6 3. d3 Nc6 4. Nf3 d6 5. Ng5 d5 6. exd5 Na5 7. Bb5+ c6 8. dxc6 bxc6 9. Ba4 Bg4 10. f3 Bh5 11. c3 Qb6 12. Qe2 0-0-0 13. Be3 Qa6 14. d4 Qxe2+ 15. Kxe2 Nd5 16. dxe5 Nxe3 17. Kxe3 Nc4+ 18. Ke2 Nxe5 19. Rd1 Be7 20. Ne4 Kc7 21. Rxd8 Rxd8 22. Bc2 f6 23. Nbd2 Bf7 24. Bb3 Bg6 25. Bc2 Bf7 26. b3 f5 27. Nf2 g6 28. Rd1 Bf6 29. Nb1 Re8 30. Kf1 Nd7 31. Re1 Rd8 32. Nd3 a5 33. Nb2 Nb6 34. Nd1 Nd5 35. g3 Rd6 36. f4 Rd8 37. Ke2 Rd7 38. Bd3 Nb6 39. Ne3 Rd8 40. Bc2 Rd7 41. Rd1 Re7 42. Rd3 Nd7 43. Rd1 Nc5 44. Kf3 Re8 45. Nf1 Bd5+ 46. Kf2 Be4 47. Bxe4 Nxe4+ 48. Kf3 Nxc3 49. Nxc3 Bxc3 50. Ne3 Rd8 51. Rxd8 Kxd8 52. Ke2 Kd7 53. h3 Ke6 54. g4 fxg4 55. hxg4 h5 56. f5+ gxf5 57. gxh5 Kf6 58. Kd3 Bb4 59. h6 f4 60. Nf5 Kg6 61. Ke4 f3 62. Nh4+ Kxh6 63. Nxf3 Kg7 64. Ne5 c5 65. Kd5 Kf6 66. Nd7+ Ke7 67. Nxc5 Kd8 68. Kc6 Kc8 69. a4 Be1 70. Nb7 Bb4 71. Kb6 Kb8 72. Nxa5 Bd2 73. Nc6+ Ka8 74. b4 Be3+ 75. Ka6 Bf2 76. b5 Bb6 77. Nb4 Bc5 78. Nd5 Bd6 79. Kb6 Bg3 80. Kc6 Ka7 1-0

[Event "Begonia op 46th"]
[Site "Ballarat"]
[Date "2012.03.11"]
[Round "5"]
[White "West, Guy"]
[Black "Booth, Stewart"]
[Result "1/2-1/2"]
[WhiteElo "2317"]
[BlackElo "2116"]
[PlyCount "59"]
[EventDate "2012.03.10"]
[EventType "swiss"]
[EventRounds "7"]
[EventCountry "AUS"]
[SourceTitle "EXT 2019"]
[Source "ChessBase"]
[SourceDate "2018.10.10"]
[SourceVersion "1"]
[SourceVersionDate "2018.10.10"]
[SourceQuality "1"]

1. e4 c5 2. Nf3 d6 3. d4 cxd4 4. Nxd4 Nf6 5. Nc3 a6 6. f4 Qc7 7. Bd3 e5 8. Nf3 b5 9. a3 Nbd7 10. 0-0 Bb7 11. Kh1 Be7 12. Qe1 Nc5 13. Bd2 Nfd7 14. fxe5 dxe5 15. Qg3 g6 16. Qh3 Qd6 17. Bh6 Qe6 18. Qg3 f6 19. b4 Nxd3 20. cxd3 Rg8 21. Bd2 Qd6 22. Rad1 Qxd3 23. Qh3 Nf8 24. Qh4 Qc4 25. Rc1 Qe6 26. Qf2 Nd7 27. Be3 Qb3 28. Qd2 Rd8 29. Nd5 Bxd5 30. exd5 1/2-1/2

[Event "Queenstown op"]
[Site "Queenstown"]
[Date "2012.01.17"]
[Round "3"]
[White "Rozentalis, Eduardas"]
[Black "West, Guy"]
[Result "1-0"]
[WhiteElo "2592"]
[BlackElo "2323"]
[PlyCount "59"]
[EventDate "2012.01.15"]
[EventType "swiss"]
[EventRounds "9"]
[EventCountry "NZL"]
[SourceTitle "CBM 146 Extra"]
[Source "ChessBase"]
[SourceDate "2012.02.29"]
[SourceVersion "1"]
[SourceVersionDate "2012.02.29"]
[SourceQuality "1"]

1. e4 d5 2. exd5 Nf6 3. c4 e6 4. d4 Bb4+ 5. Nc3 exd5 6. Bd3 0-0 7. Nge2 dxc4 8. Bxc4 Ne4 9. 0-0 Nxc3 10. bxc3 Bd6 11. Ng3 Nc6 12. Qh5 g6 13. Qf3 Qh4 14. h3 Be6 15. Ne4 Be7 16. Bd3 f5 17. Nd2 Rad8 18. Re1 Bd5 19. Bc4 Bf7 20. Bxf7+ Rxf7 21. Nc4 g5 22. Rb1 g4 23. Qg3 Qxg3 24. fxg3 b6 25. Bf4 gxh3 26. gxh3 Bf6 27. Re6 Ne7 28. Ne3 c6 29. Rf1 c5 30. dxc5 1-0

[Event "Queenstown op"]
[Site "Queenstown"]
[Date "2012.01.15"]
[Round "1"]
[White "Seabrook, Roy"]
[Black "West, Guy"]
[Result "0-1"]
[WhiteElo "1873"]
[BlackElo "2323"]
[PlyCount "84"]
[EventDate "2012.01.15"]
[EventType "swiss"]
[EventRounds "9"]
[EventCountry "NZL"]
[SourceTitle "CBM 146 Extra"]
[Source "ChessBase"]
[SourceDate "2012.02.29"]
[SourceVersion "1"]
[SourceVersionDate "2012.02.29"]
[SourceQuality "1"]

1. e4 e6 2. d4 d5 3. exd5 exd5 4. Bd3 Nc6 5. Ne2 Bg4 6. f3 Bh5 7. Bf4 Bd6 8. Qd2 Nge7 9. Nbc3 Bg6 10. Bb5 Bxf4 11. Nxf4 0-0 12. 0-0 Qd6 13. Ba4 Nd8 14. Nb5 Qb6 15. Qc3 c6 16. Nd6 Qc7 17. Nxg6 hxg6 18. Qa3 b5 19. Bb3 a5 20. Qc5 Ne6 21. Nxb5 cxb5 22. Qxc7 Nxc7 23. c3 Rfd8 24. Rfe1 Kf8 25. Bc2 b4 26. Ba4 bxc3 27. bxc3 Rab8 28. Re2 Nb5 29. Bxb5 Rxb5 30. Rae1 Nf5 31. g4 Nd6 32. Re7 Re8 33. Rxe8+ Nxe8 34. Re2 Nd6 35. Kf2 a4 36. Kg3 g5 37. h4 gxh4+ 38. Kxh4 Nc4 39. Kg3 a3 40. f4 Rb2 41. Kf2 Nd6 42. Kf3 Ne4 0-1

[Event "Thailand op 11th"]
[Site "Pattaya"]
[Date "2011.04.13"]
[Round "4"]
[White "Morris, James"]
[Black "West, Guy"]
[Result "1-0"]
[WhiteElo "2227"]
[BlackElo "2360"]
[PlyCount "51"]
[EventDate "2011.04.11"]
[EventType "swiss"]
[EventRounds "9"]
[EventCountry "THA"]
[SourceTitle "CBM 141 Extra"]
[Source "ChessBase"]
[SourceDate "2011.05.03"]
[SourceVersion "1"]
[SourceVersionDate "2011.05.03"]
[SourceQuality "1"]

1. e4 d6 2. d4 Nf6 3. Nc3 g6 4. f4 Bg7 5. Nf3 0-0 6. e5 Nfd7 7. h4 c5 8. h5 cxd4 9. hxg6 hxg6 10. Qxd4 Nc6 11. Qg1 Re8 12. Qh2 Nf8 13. f5 Nxe5 14. Nxe5 Bxe5 15. Bf4 Qa5 16. fxg6 fxg6 17. Bc4+ e6 18. 0-0-0 Bxf4+ 19. Qxf4 Qe5 20. Qh4 g5 21. Qh5 Re7 22. Rdf1 Bd7 23. Ne4 Be8 24. Qh6 Nh7 25. Nf6+ Nxf6 26. Qh8+ 1-0

[Event "Thailand op 11th"]
[Site "Pattaya"]
[Date "2011.04.12"]
[Round "2"]
[White "Prince, Bajaj"]
[Black "West, Guy"]
[Result "1/2-1/2"]
[WhiteElo "2194"]
[BlackElo "2360"]
[PlyCount "145"]
[EventDate "2011.04.11"]
[EventType "swiss"]
[EventRounds "9"]
[EventCountry "THA"]
[SourceTitle "CBM 141 Extra"]
[Source "ChessBase"]
[SourceDate "2011.05.03"]
[SourceVersion "1"]
[SourceVersionDate "2011.05.03"]
[SourceQuality "1"]

1. e4 d6 2. d4 Nf6 3. Nc3 g6 4. Be2 Bg7 5. Nf3 0-0 6. 0-0 Bg4 7. Be3 Nc6 8. Qd2 e5 9. dxe5 dxe5 10. Rad1 Qc8 11. h3 Be6 12. Bg5 Nd7 13. Nd5 f6 14. Bc4 Nb6 15. Bb3 Rf7 16. Be3 Ne7 17. Nxb6 axb6 18. a3 Bf8 19. Bxe6 Qxe6 20. Qd7 Qxd7 21. Rxd7 Nc6 22. Rxf7 Kxf7 23. Rd1 Ke6 24. Kf1 Nd8 25. Ke2 Nf7 26. g4 Bc5 27. Nd2 Nd6 28. f3 Bxe3 29. Kxe3 Rh8 30. Rg1 h5 31. gxh5 g5 32. Kf2 Rxh5 33. Kg3 Nf7 34. Nc4 Nh8 35. Ne3 Ng6 36. Nd5 Rh7 37. Rh1 b5 38. c3 Rd7 39. Ra1 Nf4 40. Ne3 Rh7 41. Rh1 c5 42. Rh2 c4 43. Nf1 Rd7 44. Rd2 Rd3 45. Kg4 b6 46. Kg3 Rxd2 47. Nxd2 Nd3 48. b3 cxb3 49. Nxb3 Nb2 50. Nd2 Kd6 51. h4 gxh4+ 52. Kxh4 Ke6 53. Kg4 Nd1 54. Nb1 Ne3+ 55. Kg3 Nc4 56. Kg4 Kf7 57. f4 exf4 58. Kxf4 Ke6 59. Kg4 Ke5 60. Kf3 Kd6 61. Kf4 Ke6 62. Kg4 Ke5 63. Kf3 f5 64. exf5 Kxf5 65. Ke2 Ke4 66. Nd2+ Kd5 67. Nb1 Ne5 68. Nd2 Nc4 69. Nb1 Kc5 70. Kd3 Nxa3 71. Nxa3 b4 72. cxb4+ Kxb4 73. Nc4 1/2-1/2

[Event "Thailand op 11th"]
[Site "Pattaya"]
[Date "2011.04.12"]
[Round "3"]
[White "West, Guy"]
[Black "Tuorila, Kai"]
[Result "1-0"]
[WhiteElo "2360"]
[BlackElo "2125"]
[PlyCount "90"]
[EventDate "2011.04.11"]
[EventType "swiss"]
[EventRounds "9"]
[EventCountry "THA"]
[SourceTitle "CBM 141 Extra"]
[Source "ChessBase"]
[SourceDate "2011.05.03"]
[SourceVersion "1"]
[SourceVersionDate "2011.05.03"]
[SourceQuality "1"]

1. e4 g6 2. Nc3 Bg7 3. f4 d6 4. Nf3 c6 5. Be2 d5 6. e5 h5 7. d4 Nh6 8. Be3 Bg4 9. Qd2 b5 10. Bf2 Nf5 11. g3 a5 12. h3 Bxf3 13. Bxf3 e6 14. Nd1 Nd7 15. Ne3 Nxe3 16. Bxe3 Bf8 17. 0-0 c5 18. c3 c4 19. a3 Nb6 20. g4 Qh4 21. Qg2 hxg4 22. hxg4 Be7 23. Bf2 Qh3 24. Qxh3 Rxh3 25. Kg2 Rh8 26. Be3 Na4 27. Rf2 Kd7 28. Rh1 Rxh1 29. Kxh1 Rh8+ 30. Kg2 b4 31. axb4 axb4 32. cxb4 Bxb4 33. Bd1 Nb6 34. f5 gxf5 35. gxf5 Rg8+ 36. Kf1 Be7 37. Bh5 Rg3 38. Ke2 f6 39. Bf7 fxe5 40. Bxe6+ Ke8 41. f6 Bxf6 42. Rxf6 exd4 43. Bxd4 Ke7 44. Rh6 Na4 45. Bxd5 Nxb2 1-0

[Event "Begonia op 45th"]
[Site "Ballarat"]
[Date "2011.03.12"]
[Round "3"]
[White "Jones, Brian"]
[Black "West, Guy"]
[Result "1/2-1/2"]
[WhiteElo "2017"]
[BlackElo "2339"]
[PlyCount "79"]
[EventDate "2011.03.12"]
[EventType "swiss"]
[EventRounds "7"]
[EventCountry "AUS"]
[SourceTitle "EXT 2013"]
[Source "ChessBase"]
[SourceDate "2012.11.22"]
[SourceVersion "1"]
[SourceVersionDate "2012.11.22"]
[SourceQuality "1"]

1. d4 Nf6 2. c4 e6 3. Nc3 d5 4. Bg5 Be7 5. Nf3 0-0 6. e3 h6 7. Bh4 b6 8. Rc1 Bb7 9. cxd5 Nxd5 10. Bxe7 Qxe7 11. Be2 Rc8 12. 0-0 Nxc3 13. Rxc3 Nd7 14. Qa4 a6 15. Rfc1 c5 16. dxc5 Nxc5 17. Qb4 Rab8 18. h4 a5 19. Qf4 Bxf3 20. Bxf3 Rd8 21. a3 a4 22. Qb4 Qf8 23. Rd1 Rxd1+ 24. Bxd1 Rd8 25. Bf3 e5 26. e4 Rd4 27. Qb5 g6 28. g3 Rd2 29. Be2 Qd8 30. Rf3 Nxe4 31. b4 axb3 32. Qxb3 Nd6 33. Bb5 Qa8 34. Bf1 Qd5 35. Bg2 Rd1+ 36. Kh2 Qxb3 37. Rxb3 b5 38. Bc6 Rd2 39. Kg1 Ra2 40. Bxb5 1/2-1/2

[Event "George Trundle IM"]
[Site "Auckland"]
[Date "2010.07.08"]
[Round "6"]
[White "West, Guy"]
[Black "Van Riemsdijk, Herman Claudius"]
[Result "1/2-1/2"]
[WhiteElo "2325"]
[BlackElo "2416"]
[PlyCount "35"]
[EventDate "2010.07.03"]
[EventType "tourn"]
[EventRounds "9"]
[EventCountry "NZL"]
[EventCategory "2"]
[SourceTitle "EXT 2018"]
[Source "ChessBase"]
[SourceDate "2017.10.13"]
[SourceVersion "1"]
[SourceVersionDate "2017.10.13"]
[SourceQuality "1"]

1. d4 Nf6 2. Nf3 e6 3. e3 d5 4. Bd3 c5 5. c3 Nc6 6. Nbd2 Bd6 7. 0-0 0-0 8. Re1 e5 9. dxe5 Nxe5 10. Nxe5 Bxe5 11. e4 Bg4 12. Qc2 Re8 13. g3 Bc7 14. b3 dxe4 15. Nxe4 h6 16. Bb2 Nd7 17. f4 Nf8 18. Nf2 1/2-1/2

[Event "Begonia op 44th"]
[Site "Ballarat"]
[Date "2010.03.08"]
[Round "7"]
[White "Teichmann, Erik Oskar Michael"]
[Black "West, Guy"]
[Result "1-0"]
[WhiteElo "2283"]
[BlackElo "2303"]
[PlyCount "63"]
[EventDate "2010.03.06"]
[EventType "swiss"]
[EventRounds "7"]
[EventCountry "AUS"]
[SourceTitle "CBM 135 Extra"]
[Source "ChessBase"]
[SourceDate "2010.05.04"]
[SourceVersion "1"]
[SourceVersionDate "2010.05.04"]
[SourceQuality "1"]

1. d4 Nf6 2. c4 c5 3. d5 b5 4. cxb5 a6 5. f3 e6 6. e4 c4 7. Bxc4 Qc7 8. Bb3 Bc5 9. Ne2 0-0 10. Bg5 axb5 11. Bxf6 gxf6 12. Qd2 Qe5 13. Nbc3 b4 14. Nd1 Ba6 15. Nf2 Ra7 16. 0-0 Rc7 17. Kh1 Rfc8 18. Nh3 Bd6 19. f4 Qxe4 20. dxe6 dxe6 21. Qxd6 Qxe2 22. Rfe1 Rd7 23. Qxb4 Qxb2 24. f5 Bc4 25. Rab1 Qd4 26. Bxc4 Nc6 27. Qb3 Na5 28. Qg3+ Kh8 29. fxe6 Rg8 30. Qf3 Nxc4 31. exd7 Nd2 32. Qf2 1-0

[Event "Begonia op 44th"]
[Site "Ballarat"]
[Date "2010.03.06"]
[Round "2"]
[White "West, Guy"]
[Black "Safarian, Alek"]
[Result "1/2-1/2"]
[WhiteElo "2303"]
[BlackElo "1917"]
[PlyCount "77"]
[EventDate "2010.03.06"]
[EventType "swiss"]
[EventRounds "7"]
[EventCountry "AUS"]
[SourceTitle "CBM 135 Extra"]
[Source "ChessBase"]
[SourceDate "2010.05.04"]
[SourceVersion "1"]
[SourceVersionDate "2010.05.04"]
[SourceQuality "1"]

1. e4 c5 2. f4 Nc6 3. Nf3 d6 4. Bb5 Bd7 5. 0-0 g6 6. d3 Bg7 7. c4 e6 8. Nc3 Nge7 9. Qe1 Nb4 10. Qe2 0-0 11. Bxd7 Qxd7 12. Be3 Nbc6 13. Rad1 Nd4 14. Bxd4 cxd4 15. Nb5 e5 16. fxe5 dxe5 17. Na3 Nc6 18. Nc2 a5 19. b3 Bh6 20. a3 Qe7 21. Kh1 f6 22. Rb1 Rfb8 23. b4 axb4 24. axb4 Ra2 25. b5 Nb4 26. Nfe1 Rba8 27. Qd1 Nxc2 28. Nxc2 R8a4 29. Rf2 Kg7 30. Qf3 Kg8 31. g3 Bf8 32. Qg4 R4a3 33. Qf3 Rc3 34. Nb4 Rxf2 35. Qxf2 Qe6 36. Nd5 Rxd3 37. Nxf6+ Kg7 38. Rf1 Bc5 39. Nd5 1/2-1/2

[Event "Oceania zt"]
[Site "Gold Coast"]
[Date "2009.06.26"]
[Round "9"]
[White "Ly, Moulthun"]
[Black "West, Guy"]
[Result "1/2-1/2"]
[WhiteElo "2340"]
[BlackElo "2343"]
[PlyCount "39"]
[EventDate "2009.06.20"]
[EventType "swiss"]
[EventRounds "9"]
[EventCountry "AUS"]
[SourceTitle "CBM 130 Extra"]
[Source "ChessBase"]
[SourceDate "2009.07.02"]
[SourceVersion "2"]
[SourceVersionDate "2009.07.15"]
[SourceQuality "1"]

1. e4 e6 2. d4 d5 3. Nd2 dxe4 4. Nxe4 Nd7 5. Nf3 Ngf6 6. Nxf6+ Nxf6 7. Be3 Be7 8. Bd3 0-0 9. 0-0 b6 10. Qe2 Bb7 11. Ba6 Qc8 12. Bxb7 Qxb7 13. c4 a6 14. Bg5 h6 15. Bh4 Rfe8 16. Rac1 Rac8 17. Rfd1 c5 18. dxc5 Rxc5 19. Ne5 Rc7 20. Rc2 1/2-1/2

[Event "Oceania zt"]
[Site "Gold Coast"]
[Date "2009.06.22"]
[Round "5"]
[White "West, Guy"]
[Black "Rujevic, Mirko"]
[Result "1-0"]
[WhiteElo "2343"]
[BlackElo "2282"]
[PlyCount "95"]
[EventDate "2009.06.20"]
[EventType "swiss"]
[EventRounds "9"]
[EventCountry "AUS"]
[SourceTitle "CBM 130 Extra"]
[Source "ChessBase"]
[SourceDate "2009.07.02"]
[SourceVersion "2"]
[SourceVersionDate "2009.07.15"]
[SourceQuality "1"]

1. e4 e5 2. Nf3 Nc6 3. Bb5 a6 4. Ba4 Nf6 5. d4 exd4 6. 0-0 Be7 7. Re1 b5 8. Bb3 d6 9. Bd5 Nxd5 10. exd5 Ne5 11. Nxd4 0-0 12. a4 Bd7 13. f4 Bg4 14. Qd2 Nc4 15. Qd3 Bh4 16. Rf1 Bd7 17. Nc3 Bf6 18. b3 Nb6 19. a5 Nc8 20. Ne4 Bxd4+ 21. Qxd4 Bf5 22. Ng3 Qd7 23. Bb2 f6 24. c4 bxc4 25. bxc4 Ne7 26. Rae1 Ng6 27. Re3 Rab8 28. Rfe1 Rf7 29. h3 Nf8 30. Kh2 Rb4 31. Bc3 Rb1 32. R1e2 Rc1 33. Rb2 Rc2 34. Re2 Rxe2 35. Rxe2 Bg6 36. Rb2 Re7 37. Qa7 h5 38. Qf2 h4 39. Nf1 Qf5 40. Ne3 Qd3 41. Bd2 Qd4 42. Rb8 Bd3 43. Bc1 Qa7 44. Rd8 Re4 45. Qf3 Re7 46. Qg4 Rxe3 47. Bxe3 Qxe3 48. Qe6+ 1-0

[Event "Doeberl Cup 47th"]
[Site "Canberra"]
[Date "2009.04.11"]
[Round "5"]
[White "Morris, James"]
[Black "West, Guy"]
[Result "0-1"]
[WhiteElo "2114"]
[BlackElo "2343"]
[PlyCount "56"]
[EventDate "2009.04.09"]
[EventType "swiss"]
[EventRounds "9"]
[EventCountry "AUS"]
[SourceTitle "CBM 129 Extra"]
[Source "ChessBase"]
[SourceDate "2009.05.05"]
[SourceVersion "2"]
[SourceVersionDate "2009.05.20"]
[SourceQuality "1"]

1. Nf3 c5 2. c4 Nf6 3. g3 b6 4. Bg2 Bb7 5. 0-0 g6 6. Nc3 Bg7 7. d4 cxd4 8. Qxd4 Nc6 9. Qh4 h6 10. g4 Na5 11. Rd1 Rc8 12. b3 Ne4 13. Nxe4 Bxa1 14. Nd4 Bxe4 15. Bxe4 Bxd4 16. Rxd4 e5 17. Qg3 Qc7 18. Rd5 d6 19. Ba3 Nb7 20. Rxe5+ dxe5 21. Bxb7 f6 22. Qf3 Kf7 23. Qd5+ Kg7 24. Bxc8 Qxc8 25. Qd6 Qxg4+ 26. Kf1 g5 27. Qc7+ Kg6 28. Be7 Qe6 0-1